Top 4 drużyny piłkarskie z Top 5 lig 2022 - Statystyki

Ogólne statystyki
  • Ten quiz został rozwiązany 146 razy
  • Średni wynik to 16 z 20
Statystyki odpowiedzi
L.p. Odpowiedź % Poprawnych
2. FC Barcelona
100%
1. Real Madryt
100%
1. Manchester City
98%
1. AC Milan
97%
3. Bayer 04 Leverkusen
96%
1. Paris Saint-Germain
96%
2. Borussia Dortmund
93%
4. Atletico Madryt
92%
1. Bayern Monachium
92%
2. Liverpool
92%
2. Inter Mediolan
91%
4. Juventus Turyn
90%
3. Chelsea Londyn
86%
3. SSC Napoli
86%
4. Tottenham Hotspur
78%
3. Sevilla FC
74%
4. RB Lipsk
65%
3. AS Monaco
60%
2. Olympique Marsylia
46%
4. Stade Rennais
7%
Nie znaleziono quizów pasujących do podanych kryteriów
Rozkład punktacji
Procent ludzi z każdym wynikiem
Percentyl według liczby udzielonych odpowiedzi
Twoja historia wyników
Nie rozwiązałeś tego quizu